000 00799nam a2200265Ia 4500
005 20260302115619.0
008 008 260114s9999 xx 000 0 eng d
020 _a9781408167762
037 _aTextbook
040 _aCRL
040 _beng
040 _cCRL
041 _2eng
041 _aeng
084 _qCRL
100 _aPeter Billingham
_91122145
245 0 _aAt the Sharp End: Uncovering the Work of Five Leading Dramatists David Edgar, Tim Etchells and Forced Entertainment, David Greig, Tanika Gupta and Mark Ravenhill
260 _bBloomsbury
260 _bMethuen Drama
260 _c2012
650 _aLiterary Studies
856 _uhttps://doi.org/10.5040/9781408167762?locatt=label:secondary_bloomsburyCollections
942 _cEBOOK
999 _c1686849
_d1686849